zpět

Detail výsledku týmu

The Pub Praha 2 ST, Praha

Datum a čas kvízu

23.5 Celkem bodů Celkový počet nahraných bodů na tomto kvízu bez doplňovacích otázek.
15. Pořadí na kvízu Konečné umístění týmu na tomto kvízu.

Zaznamenané odpovědi

# Otázka Odpověď Body Výsledky
1. Který 63letý muž se ve čtvrtek... Jiří Kajínek 0
2. Papež František schválil svato... Boží influencer 0
3. Která hollywoodská herečka si... Scarlett Johansson 1
4. Je možné, že si v brzké době p... Mondeléz (Mondeléz International) 1
5. Pražská Sparta po sobotním lig... 8 gólů 1
6. Středověk bývá obvykle ohranič... D 0
7. Jak se jmenoval významný střed... Vilém I. Dobyvatel 0
8. Jak se jmenoval český kníže z... Vratislav 1
9. Vytvořte z těchto středověkých... 1B 2D 3C 4A 1
10. Závěrem tématu se podíváme na... tulipán 0